| LEADER |
01103nam0a2200217 450 |
| 001 |
16868319 |
| 010 |
|
|
|a 978-2-07-061015-0
|b rel.
|d 13
|
| 100 |
|
|
|a 20260526d2026 u u0frey01 ba
|
| 101 |
0 |
|
|a fre
|
| 102 |
|
|
|a FR
|
| 200 |
0 |
|
|a Ysengrin
|f Bruno Heitz
|
| 207 |
|
1 |
|a
|
| 210 |
|
|
|a Paris
|b 5 rue Sébastien Bottin.
|c Gallimard
|d impr. 2007
|
| 215 |
|
|
|a 1 vol. (44 p.)
|c ill. en noir et en coul., couv. ill. en coul.
|d 32 cm
|
| 225 |
1 |
|
|a Le roman de Renart
|v 1
|
| 330 |
|
|
|a Renart est de triste réputation : les autres animaux ont trop souvent appris à leurs dépens sa ruse et sa cupidité. Mais quand il s'en prend au loup Ysengrin, Renart se fait un ennemi aussi stupide que redoutable. Car le loup, qui est loin d'avoir un coeur d'agneau, n'aura de cesse de se venger... Ce premier volume rassemble quatre des plus célèbres histoires mettant en scène Ysengrin.
|
| 461 |
|
0 |
|t Le roman de Renart
|v 1
|
| 700 |
|
0 |
|a Heitz
|b Bruno
|f 1957-....
|4 70
|
| 900 |
|
|
|a Bande Dessinée (enfants)
|
| 901 |
|
|
|a Jeunesse
|
| 995 |
|
|
|a Médiathèque
|c Médiathèque
|f 089021865
|h 089021865
|k BD ROM 1
|o p
|q j
|r az
|e Médiathèque
|